| 000 | 00661nam a2200181 a 4500 | ||
|---|---|---|---|
| 001 | 000045559 | ||
| 005 | 20201002052320.0 | ||
| 008 | 150415s2005 dr ac 000 0 spa d | ||
| 020 | _a9945856308 | ||
| 040 |
_aDO-SdBNP _bspa _cBNPHU |
||
| 082 |
_axxxx _bxxxx |
||
| 100 | 1 |
_aMarte Reyes, Pablo, _d1973- _973619 |
|
| 245 | 1 | 0 |
_aDesafío bíblico / _cPablo Marte Reyes. |
| 260 |
_aSanto Domingo : _bEmanuel, _c2005. |
||
| 300 |
_a128 p. : _bil., retrs. ; _c21 cm. |
||
| 500 | _aIncluye datos biográficos del autor en la solapa de la contracubierta | ||
| 500 | _aLa ignorancia es un reto que te ha declarado la guerra, usa el desafío bíblico y ¡No te dejes vencer! | ||
| 999 |
_c45048 _d45048 |
||